| 000 | 00822nam a22002175a 4500 | ||
|---|---|---|---|
| 005 | 20081202064115.0 | ||
| 008 | 081025s2008 ii b 001 0 eng | ||
| 010 | _aENG-92884 | ||
| 020 | _c205.00 | ||
| 035 | _aEN-76417 | ||
| 037 | _bDBAD / PUB | ||
| 040 |
_adpl _bEnglish |
||
| 082 | _a133.59445 | ||
| 100 | _aNarayanan, V. | ||
| 245 |
_aShells form astrological ocean / _cby V. Narayanan |
||
| 260 |
_aChennai _bV. Narayanan _c2008 |
||
| 270 |
_a"Rama Khrupa", 2nd Floor, 7, Ramakrishnapuram, Villivkkam _bChennai _e600049 |
||
| 300 |
_axiv, 239p.: _c22cm (pbk) _bb&w photos |
||
| 942 |
_2ddc _cEN _mNAR _h133.59445 |
||
| 999 |
_c23150 _d23150 |
||